| 000 | 00910cam a2200145ua 4500 | ||
|---|---|---|---|
| 041 |
_aeng _h |
||
| 082 |
_a690.24 _bIND/CO |
||
| 110 | 1 |
_aIndian Standards Institution . _bISI _c() |
|
| 245 | _aCode of practice for laying of asbestos sheets: part I corrugated sheets IS:3007 (part I)-1964 | ||
| 260 |
_aNew Delhi : _bIndian Standards Institution , _c1986. |
||
| 300 | _a26 ; . | ||
| 504 | _a | ||
| 942 | _cBK | ||
| 999 |
_c10376 _d10376 |
||